| 000 | 00533nam a2200181 a 4500 | ||
|---|---|---|---|
| 001 | 000037647 | ||
| 005 | 20201002031110.0 | ||
| 008 | 121023s2008 pr 000 0 spa d | ||
| 020 | _a1934630713 | ||
| 040 |
_aDO-SdBNP _bspa _cBNPHU |
||
| 082 |
_axxx _bN841v |
||
| 100 | 1 |
_aNoriega, Carlos _960347 |
|
| 245 | 1 | 0 |
_aVagabundo del mar : _bpoemario (2000-2007) / _cCarlos Noriega. |
| 260 |
_aSan Juan, Puerto Rico : _bPublicaciones Puertorriqueñas, _c2008. |
||
| 300 |
_a77 p. ; _c21 cm. |
||
| 490 | 1 | _aGuajana | |
| 830 | 0 |
_aGuajana _955960 |
|
| 999 |
_c37137 _d37137 |
||